000 01316nam a22002297a 4500
999 _c57650
_d57650
003 Ge_BSU
005 20200825133548.0
008 200825s2016 ge ||||| |||| 00| 0 geo d
020 _a9789941088315
041 _ageo
080 _a321.7 ჰ-37
100 _aჰაჩეკი, იულიუს.
_99325
245 _aთანამედროვე დემოკრატიის უფლება /
_cიულიუს ჰაჩეკი ; მთარგმნელი ვ. მოძველი ; სამეცნიერო რედაქტორები: ზვიად კორძაძე, თორნიკე ნემსწვერიძე.
264 _aთბილისი :
_bზვიად კორძაძის გამ-ბა,
_c2016.
300 _a148 გვ. ;
_b20 სმ.
500 _aგარეკანი ქართ. და გერმ. ენ.
653 _aდემოკრატია.
700 _aმოძველი, ვ.
_eმთარგმნელი
_99326
700 _aკორძაძე, ზვიად
_eსამეცნიერო რედაქტორი
_99327
700 _aნემსწვერიძე, თორნიკე
_eსამეცნიერო რედაქტორი
_99328
942 _2udc
_cBK